College Baseball Tournament Quiz - Statistics

General Stats
  • This quiz has been taken 190 times
  • The average score is 22 of 64
Answer Stats
Seed Team % Correct
1 Florida
81%
1 LSU
78%
2 Texas
73%
2 Vanderbilt
71%
1 Oregon St
66%
1 Florida St
64%
3 UCLA
63%
3 Michigan
60%
2 Oklahoma
59%
2 Arizona
57%
1 Clemson
56%
2 Mississippi St
55%
1 Arkansas
53%
1 North Carolina
53%
3 Oklahoma St
53%
2 Virginia
53%
1 Texas Tech
52%
4 Ohio
51%
3 Texas A&M
51%
1 Kentucky
50%
1 Louisville
45%
2 Indiana
44%
1 Stanford
44%
1 Wake
44%
3 Auburn
43%
2 Nebraska
43%
1 TCU
43%
4 Iowa
38%
2 West Virginia
36%
2 Baylor
35%
1 Houston
34%
3 Maryland
34%
3 Rice
33%
2 Cal St
31%
4 San Diego St
31%
3 BYU
30%
2 UCF
28%
3 Yale
24%
3 North Carolina St
23%
1 Southern Miss
22%
2 USF
22%
4 Delaware
18%
4 Davidson
16%
2 Missouri St
16%
3 Xavier
16%
1 Long Beach St
14%
4 Texas Southern
13%
4 UNCG
13%
4 Holy Cross
12%
4 Oral Roberts
12%
3 Sam Houston St
12%
3 St Johns
11%
2 FGCU
10%
4 Radford
10%
4 UMBC
10%
3 Bethune-Cookman
9%
3 DBU
8%
4 Sacramento St
8%
4 Tennessee Tech
8%
2 Southeastern Louisiana
7%
4 Illinois-Chicago
6%
4 Marist
6%
3 Southern Alabama
6%
4 Central Connecticut St
5%
No matching quizzes found
Score Distribution
Percent of People with Each Score
Percentile by Number Answered
Your Score History
You have not taken this quiz